00579 a2200169 4500010001400000020002400014035001300038037001600051082001100067100002000078245010600098260004600204270006300250300004800313500002100361700002700382 aENG-88554 a0195685180c2750.00 aEN-72087 bDBAD / PUB14a743.98 aNeumayer, Erwin1 aBharat Mata:cby Erwin Neumayer [and] Christine SchelbergerbIndia's freedom movement in popular art/ aNew DelhibOxford University Pressc2008 aYMCA Library Building, Jai Singh RoadbNew Delhie110 001 axx, 218p.:c29cm ( Hb.)bb & w, col. photos aIncludes index aSchelberger, Christine